Complex variables and the Laplace transform for engineers (Record no. 13856)

000 -LEADER
fixed length control field 00606nam a22002051 4500
001 - CONTROL NUMBER
control field 13856
003 - CONTROL NUMBER IDENTIFIER
control field BD-DhUET
008 - FIXED-LENGTH DATA ELEMENTS--GENERAL INFORMATION
fixed length control field 840622s1961 nyua b 000 0 eng
040 ## - CATALOGING SOURCE
Original cataloging agency DLC
Transcribing agency DLC
Modifying agency BD-DhUET
082 00 - DEWEY DECIMAL CLASSIFICATION NUMBER
Classification number 517.862
Item number LEP/1961
100 ## - MAIN ENTRY--PERSONAL NAME
Personal name LePage, Wilbur R.
245 10 - TITLE STATEMENT
Title Complex variables and the Laplace transform for engineers
250 ## - EDITION STATEMENT
Edition statement 1st ed.
260 ## - PUBLICATION, DISTRIBUTION, ETC. (IMPRINT)
Place of publication, distribution, etc. Bombay
Name of publisher, distributor, etc. McGraw-Hill
Date of publication, distribution, etc. 1961
300 ## - PHYSICAL DESCRIPTION
Extent xvi, 475 p.
Other physical details ill.
Dimensions 24 cm.
490 ## - SERIES STATEMENT
Series statement International series in pure and applied mathematics
504 ## - BIBLIOGRAPHY, ETC. NOTE
Bibliography, etc Includes bibliographies
650 #0 - SUBJECT ADDED ENTRY--TOPICAL TERM
Topical term or geographic name as entry element Calculus - Complex variables
942 ## - ADDED ENTRY ELEMENTS (KOHA)
Koha item type General Book
Holdings
Not for loan Location (home branch) Piece designation (barcode) Koha full call number Damaged status Lost status Koha normalized classification for sorting Koha date last seen Shelving location Sublocation or collection (holding branch) Date acquired Source of classification or shelving scheme Withdrawn status Price effective from Koha item type Copy number
 Central Library, BUET40116517.862/LEP/1961  517_862000000000000_LEP_19612015-03-05Circulation sectionCentral Library, BUET2015-03-05  2015-03-05General Book1
 Central Library, BUET24385517.862/LEP/1961  517_862000000000000_LEP_19612015-03-05Circulation sectionCentral Library, BUET2015-03-05  2015-03-05General Book2
 Central Library, BUET6374517.862/LEP/1961  517_862000000000000_LEP_19612015-03-07Circulation sectionCentral Library, BUET2015-03-07  2015-03-07General Book3
 Central Library, BUET51027517.862/LEP/1961  517_862000000000000_LEP_19612015-03-07Circulation sectionCentral Library, BUET2015-03-07  2015-03-07General Book4
 Central Library, BUET20963517.862/LEP/1961  517_862000000000000_LEP_19612015-03-07Circulation sectionCentral Library, BUET2015-03-07  2015-03-07General Book5
 Central Library, BUET42659517.862/LEP/1961  517_862000000000000_LEP_19612015-03-07Circulation sectionCentral Library, BUET2015-03-07  2015-03-07General Book6
 Central Library, BUET40115517.862/LEP/1961  517_862000000000000_LEP_19612015-03-07Circulation sectionCentral Library, BUET2015-03-07  2015-03-07General Book7
 Central Library, BUET39671517.862/LEP/1961  517_862000000000000_LEP_19612015-03-07Circulation sectionCentral Library, BUET2015-03-07  2015-03-07General Book8
 Central Library, BUET39670517.862/LEP/1961  517_862000000000000_LEP_19612015-03-07Circulation sectionCentral Library, BUET2015-03-07  2015-03-07General Book9
 Central Library, BUET42660517.862/LEP/1961  517_862000000000000_LEP_19612015-03-07Circulation sectionCentral Library, BUET2015-03-07  2015-03-07General Book10
 Central Library, BUET42661517.862/LEP/1961  517_862000000000000_LEP_19612015-03-09Circulation sectionCentral Library, BUET2015-03-09  2015-03-09General Book11
 Central Library, BUET51026517.862/LEP/1961  517_862000000000000_LEP_19612015-03-09Circulation sectionCentral Library, BUET2015-03-09  2015-03-09General Book12
 Central Library, BUET2039517.862/LEP/1961  517_862000000000000_LEP_19612015-05-03Circulation sectionCentral Library, BUET2015-05-03  2015-05-03General Book13
 Central Library, BUET6375517.862/LEP/1961  517_862000000000000_LEP_19612015-05-03Circulation sectionCentral Library, BUET2015-05-03  2015-05-03General Book14
 Central Library, BUET2041517.862/LEP/1961  517_862000000000000_LEP_19612015-05-03Circulation sectionCentral Library, BUET2015-05-03  2015-05-03General Book15
 Central Library, BUET2040517.862/LEP/1961  517_862000000000000_LEP_19612015-05-03Circulation sectionCentral Library, BUET2015-05-03  2015-05-03General Book16